| 000 | 00577nam a2200193 a 4500 | ||
|---|---|---|---|
| 001 | 885 | ||
| 003 | CDMR | ||
| 005 | 20131204103717.0 | ||
| 008 | 130130s2002||||||||||||||||||||||||||||d | ||
| 020 | _a8425336740 | ||
| 040 |
_aCDMR _bcat _cCDMR |
||
| 100 | 1 |
_aMarinovich, Greg _9692 |
|
| 245 | 1 | 3 |
_aEl club del Bang Bang _b: instantáneas de una guerra encubierta _cGreg Marinovich y João Silva ; traducción de Librada Piñero |
| 260 |
_aBarcelona _c2002 _bGrijaldo |
||
| 300 | _a310 p. | ||
| 650 | 0 | 4 |
_94305 _aFotògrafs _xBiografies |
| 700 | 1 |
_94438 _aSilva, João |
|
| 942 |
_cMON _2ddc |
||
| 999 |
_c885 _d885 |
||